000 00244nam a2200097Ia 4500
001 698335
005 20250826162049.0
008 250824s9999 xx 000 0 und d
245 0 _aSEMAVER
_cSAİT FAİK ABASIYANIK
260 _bİŞ BANKASI KÜLTÜR
999 _c698335
_d698335